000
00311nam a22001337a 4500
008
260409b |||||||| |||| 00| 0 eng d
040
_a
RCL
082
_a
330.954 R88I
100
_a
Ruddar Dutt
_9
30551
245
_a
Indian Economy
260
_a
New Delhi
_b
S.Chand & Co.
_c
1984
300
_a
811p.
942
_c
BK
999
_c
48153
_d
48153